000 00501nas a22001937a 4500
003 koha_MIRAKIL
005 20231213100123.0
008 231213b |||||||| |||| 00| 0 ||| d
022 _a13003380
040 _aTR-IsEVY
_btur
_cTR-IsEVY
082 _aPER
245 0 _aBilim ve teknik.
260 _bTÜBİTAK,
300 _a100 s.
500 _aBilim ve Teknik "Kütleçekim" özel eki vardır.
650 _aMart 2016-Yıl 49 580
650 _aTurkish science magazines.
942 _2ddc
_cSR
999 _c14821
_d14821